Readings on bikol culture/ (Record no. 3828)

MARC details
000 -LEADER
fixed length control field 00711nam a22002177a 4500
003 - CONTROL NUMBER IDENTIFIER
control field OSt
005 - DATE AND TIME OF LATEST TRANSACTION
control field 20250805033257.0
008 - FIXED-LENGTH DATA ELEMENTS--GENERAL INFORMATION
fixed length control field 250726b |||||||| |||| 00| 0 eng d
020 ## - INTERNATIONAL STANDARD BOOK NUMBER
International Standard Book Number 978219665131
040 ## - CATALOGING SOURCE
Original cataloging agency DWC-Main Lib
Transcribing agency OC
082 ## - DEWEY DECIMAL CLASSIFICATION NUMBER
Classification number Fil. 306.099 R287 2024
100 ## - MAIN ENTRY--PERSONAL NAME
Personal name General, Ruben M.
245 ## - TITLE STATEMENT
Title Readings on bikol culture/
Statement of responsibility, etc. Ruben M. General [and three others]
250 ## - EDITION STATEMENT
Edition statement 2nd edition
260 ## - PUBLICATION, DISTRIBUTION, ETC.
Place of publication, distribution, etc. Naga City :
Name of publisher, distributor, etc. University of Nueva Caceres,
Date of publication, distribution, etc. c2024.
300 ## - PHYSICAL DESCRIPTION
Extent xiii, 216 pages :
Other physical details illustrations ;
Dimensions 28cm.
650 ## - SUBJECT ADDED ENTRY--TOPICAL TERM
Topical term or geographic name entry element 1. Bicol Language
650 ## - SUBJECT ADDED ENTRY--TOPICAL TERM
Topical term or geographic name entry element 2. Bicol literature
650 ## - SUBJECT ADDED ENTRY--TOPICAL TERM
Topical term or geographic name entry element 3. Bikol Region (Philippine)- Social and Customs
942 ## - ADDED ENTRY ELEMENTS (KOHA)
Source of classification or shelving scheme Dewey Decimal Classification
Koha item type Book-Filipiniana
Edition 2nd edition
Call number prefix Fil.
Suppress in OPAC No
952 ## - LOCATION AND ITEM INFORMATION (KOHA)
--
952 ## - LOCATION AND ITEM INFORMATION (KOHA)
--
952 ## - LOCATION AND ITEM INFORMATION (KOHA)
--
Holdings
Withdrawn status Lost status Source of classification or shelving scheme Damaged status Not for loan Home library Current library Shelving location Date acquired Source of acquisition Cost, normal purchase price Total Checkouts Full call number Barcode Date last seen Copy number Price effective from Koha item type Uniform Resource Identifier
    Dewey Decimal Classification     College Library College Library Filipiniana 10/28/2024 School Fund     SC 306.099 G326r 2024 54148 08/05/2025 c2 08/05/2025 BK - FIL
    Dewey Decimal Classification     College Library College Library Filipiniana 10/28/2024 School Fund     SC 306.099 G326r 2024 54149 08/05/2025 c3 08/05/2025 BK - FIL
    Dewey Decimal Classification     College Library HM & Nursing Library Filipiniana 10/11/2024 School Fund 774.00   Fil. 306.099 R287 2024 54222 07/26/2025 c1 07/26/2025 BK - FIL